Länder mit höherer FIFA-Platzierung als ihre Nachbarn - Statistiken

Allgemein
  • Dieses Quiz wurde 155 mal gespielt
  • Das Durchschnittsergebnis liegt bei 13 aus 24
Antwortstatistiken
# Anzahl
Grenzen
Land % Korrekt
2 10 Frankreich
94%
1 5 Argentinien
91%
11 2 Vereinigte Staaten
87%
5 2 England
74%
28 2 Schweden
71%
22 1 Südkorea
70%
59 6 Südafrika
67%
36 3 Ägypten
64%
9 5 Kroatien
64%
6 1 Portugal
63%
20 7 Iran
55%
38 4 Nigeria
52%
24 7 Ukraine
52%
18 5 Senegal
49%
37 5 Elfenbeinküste
42%
134 4 Indonesien
40%
60 1 Irland
40%
86 1 Haiti
33%
35 1 Katar
33%
61 9 Demokratische Republik Kongo
30%
100 4 Thailand
29%
41 2 Tunesien
28%
78 3 Honduras
27%
62 5 Usbekistan
13%
Keine übereinstimmenden Quizze gefunden
Verteilung der Resultate
Anzahl Personen mit jedem Resultat
Perzentil nach korrekt beantworteten Fragen
Ihre Resultats-Entwicklung
Sie haben dieses Quiz noch nicht gespielt